| 000 | 01982nam a2200277Ia 4500 | ||
|---|---|---|---|
| 003 | OSt | ||
| 005 | 20211108171339.0 | ||
| 008 | 210310t1981 ck ad fr 000 0 spa d | ||
| 040 |
_aCO-JMCR _cCO-JMCR |
||
| 041 | 1 |
_aspa _heng |
|
| 082 | 0 | 4 |
_a339 / _bD713m _223 |
| 100 | 1 |
_aDornbusch, Rudiger, _918036 _eautor |
|
| 245 | 1 | 0 |
_aMacroeconomía / _cRudiger Dornbusch, Stanley Fischer ; traducción, Departamento de teoría Económica ; revisión, Rubén Darío Echeverri, Eduardo Fernández |
| 250 | _aPrimera edición | ||
| 260 |
_aBogotá : _bMcGraw-Hill, _c©1981 |
||
| 300 |
_a692 páginas : _bilustraciones y gráficas a blanco y negro ; _c24 cm. |
||
| 500 | _aIncluye notas a pie de página. | ||
| 505 | 0 | _aContabilización del ingreso nacional -- Demanda agregada y equilibrio entre ingreso y producción -- Dinero, interés e ingreso -- Consumo, ingreso, riqueza y retardos -- Gasto en inversión -- La demanda de dinero -- El proceso de la oferta del dinero -- Problemas de la política de estabilización -- Los años de Kennedy y Johnson, la nueva economía y el surgimiento de la inflación -- La oferta agregada -- Ingreso, precios y desempleo -- Inflación, producción y desempleo -- Presupuesto, financiación del gobierno y de la deuda pública -- Política de estabilización: la curva de Phillips y los intercambios (trade offs), entre inflación y desempleo -- Política económica 1969-1976: los problemas de la inflación y el desempleo -- Crecimiento a largo plazo -- La macroeconomía en las economías abiertas: comercio y flujos de capital con tasas de cambio fijas -- Comercio y flujo de capital con tasas de cambio flexibles | |
| 650 | 1 | 4 |
_aMacroeconomía _918038 |
| 650 | 2 | 4 |
_aModelos económicos _941439 |
| 700 | 1 |
_aFischer, Stanley, _eautor _97832 |
|
| 700 | 1 |
_aEcheverri, Rubén Darío, _erevisor _941440 |
|
| 700 | 1 |
_aFernández, Eduardo, _erevisor _941441 |
|
| 710 | 2 |
_aDepartamento de teoría Económica _etraductor _941442 |
|
| 942 |
_2ddc _cBK |
||
| 999 |
_c8702 _d8702 |
||